00359nam a2200133Ia 4500008004100000041000800041082001600049100001900065245004500084260004600129300003200175365001200207440000600219240624s9999 xx 000 0 und d aeng a330.019 KHA aKHALIL ELIAS L aNEW BEHAVIORAL ECONOMICS A TASTE FOR FAI c2009aUKbEdward Elgar Publishing Limited axxii, : 493 : p. : cm. ; 24 cBPSb38 v3